[Event "26th EUR-ch"]
[Site "Katowice POL"]
[Date "2026.04.07"]
[Round "1.216"]
[White "Prazak, Daniel"]
[Black "Babinska, Liwia"]
[Result "1-0"]
[WhiteElo "2339"]
[BlackElo "1763"]
[EventDate "2026.04.07"]
[PlyCount "91"]

1.Nf3 d5 2.g3 Nf6 3.Bg2 c6 4.O-O Bf5 5.c4 e6 6.Qb3 Qc8 7.Nc3 Bd6 8.d3 O-O 
9.Re1 Bg6 10.Be3 Nbd7 11.cxd5 Nxd5 12.Bd2 Nxc3 13.bxc3 Re8 14.Rab1 Rb8 15.
Nh4 Bh5 16.h3 f6 17.d4 Bf7 18.e4 b6 19.Bf1 b5 20.Qc2 Nb6 21.e5 fxe5 22.Bd3
Qd8 23.Bxh7+ Kh8 24.Bg6 Bxg6 25.Nxg6+ Kg8 26.Nxe5 Bxe5 27.Rxe5 Nc4 28.Rh5 
Nxd2 29.Qxd2 Qf6 30.Re1 Rb7 31.Rhe5 Rf7 32.Qe3 a5 33.Re2 Rfe7 34.Kg2 Qg6 
35.Rc5 Rc8 36.d5 e5 37.Qe4 Qd6 38.Rxc6 Rxc6 39.dxc6 Rc7 40.Qxe5 Qxc6+ 41.
Kh2 Rc8 42.Rb2 Rf8 43.Rd2 Qc4 44.Kg2 Qa4 45.Qe6+ Kh8 46.Rd4 1-0

[Event "26th EUR-ch"]
[Site "Katowice POL"]
[Date "2026.04.07"]
[Round "1.217"]
[White "Demiroz, Alp"]
[Black "Papakonstantinou, Dimitrios"]
[Result "0-1"]
[WhiteElo "1762"]
[BlackElo "2338"]
[EventDate "2026.04.07"]
[PlyCount "58"]

1.e4 c5 2.Nf3 d6 3.d4 cxd4 4.Nxd4 Nf6 5.Nc3 a6 6.h3 g6 7.Be3 b5 8.g4 Bb7 
9.Bg2 Bg7 10.Qd2 h5 11.Nd5 hxg4 12.Nxf6+ Bxf6 13.hxg4 Rxh1+ 14.Bxh1 Nd7 
15.g5 Bg7 16.O-O-O Qc7 17.Nb3 a5 18.Bd4 e5 19.Be3 a4 20.Na1 Bf8 21.Kb1 b4 
22.b3 Qa5 23.Bg2 Nc5 24.f3 d5 25.exd5 axb3 26.cxb3 Bc8 27.Bxc5 Bf5+ 28.Kc1
Qxc5+ 29.Kb2 Rxa2+ 0-1

[Event "26th EUR-ch"]
[Site "Katowice POL"]
[Date "2026.04.07"]
[Round "1.218"]
[White "Gagic, Milan"]
[Black "Krzeszewski, Filip"]
[Result "1-0"]
[WhiteElo "2337"]
[BlackElo "1759"]
[EventDate "2026.04.07"]
[PlyCount "69"]

1.Nf3 Nf6 2.g3 g6 3.b3 Bg7 4.Bb2 b6 5.Bg2 Bb7 6.O-O O-O 7.c4 c5 8.Nc3 d5 
9.Nxd5 Nxd5 10.Bxg7 Ne3 11.fxe3 Kxg7 12.Qc2 Nd7 13.Qb2+ Kg8 14.d3 Qc7 15.
e4 e5 16.Bh3 f6 17.a3 Rad8 18.b4 Rf7 19.Be6 Rf8 20.Ng5 fxg5 21.Rxf7 Rxf7 
22.Rf1 Qd6 23.Bxf7+ Kg7 24.Bd5 Bxd5 25.exd5 Nf6 26.e3 Ng4 27.Qe2 h5 28.Qf3
cxb4 29.Qf7+ Kh6 30.Qg8 Nf6 31.Qh8+ Nh7 32.Rf7 g4 33.Rxh7+ Kg5 34.Qg7 bxa3
35.Rxh5+ 1-0

[Event "26th EUR-ch"]
[Site "Katowice POL"]
[Date "2026.04.07"]
[Round "1.219"]
[White "Vukazic, Zlatko"]
[Black "Coicev, Matei-Andrei"]
[Result "0-1"]
[WhiteElo "1744"]
[BlackElo "2333"]
[EventDate "2026.04.07"]
[PlyCount "74"]

1.e4 e5 2.Nf3 Nc6 3.d4 exd4 4.Nxd4 Qf6 5.Be3 Bc5 6.c3 Nge7 7.Qd2 Bxd4 8.
cxd4 d5 9.Nc3 dxe4 10.Nxe4 Qg6 11.Ng3 Qd6 12.Be2 Qb4 13.Bf3 Qxd2+ 14.Kxd2 
Be6 15.Rhc1 O-O-O 16.Ne2 Bd5 17.Rc3 Bxf3 18.gxf3 Nd5 19.Rc4 Nxe3 20.fxe3 
Ne5 21.Rc5 Nxf3+ 22.Kd3 f6 23.Rac1 c6 24.b4 Kb8 25.Nf4 Rhe8 26.b5 Ne5+ 27.
Ke2 Ng4 28.bxc6 Rxe3+ 29.Kf1 bxc6 30.Kg2 Re4 31.Kg3 Nh6 32.Rxc6 Nf5+ 33.
Kf3 Re7 34.Kg4 Nxd4 35.R6c4 g5 36.Nd3 Re4+ 37.Kh5 Rh4# 0-1

[Event "26th EUR-ch"]
[Site "Katowice POL"]
[Date "2026.04.07"]
[Round "1.220"]
[White "Unat, Can Haktan"]
[Black "Klementys, Jerzy"]
[Result "1-0"]
[WhiteElo "2333"]
[BlackElo "1733"]
[EventDate "2026.04.07"]
[PlyCount "103"]

1.e4 c5 2.Nf3 d6 3.d4 cxd4 4.Nxd4 Nf6 5.Nc3 a6 6.Bc4 e6 7.Bb3 Nbd7 8.Qe2 
Nc5 9.O-O Be7 10.f4 O-O 11.f5 e5 12.Nf3 Nxb3 13.axb3 b5 14.Nxb5 Bxf5 15.
Nxd6 Bg6 16.Nf5 Bc5+ 17.Kh1 Qc7 18.Bg5 Nh5 19.Qc4 h6 20.Ne7+ Kh7 21.Be3 
Bd6 22.Nxg6 fxg6 23.Qxc7 Bxc7 24.Kg1 Nf6 25.Ra4 Rfd8 26.h3 a5 27.Kf2 Rac8 
28.Ke2 g5 29.g4 Kg6 30.Nd2 Kf7 31.Rfa1 Ke6 32.c4 Rb8 33.c5 Rb5 34.Rc1 Rdb8
35.Rc3 Rb4 36.Rxb4 Rxb4 37.Kd3 Nd7 38.c6 Nf6 39.Bc5 Rb8 40.Kc4 Ne8 41.Rd3 
Nd6+ 42.Bxd6 Bxd6 43.Rd5 Rb4+ 44.Kc3 Rb6 45.Rxd6+ Kxd6 46.Nc4+ Kxc6 47.
Nxb6 Kxb6 48.Kc4 Kc6 49.b4 axb4 50.Kxb4 g6 51.Kc4 h5 52.b4 1-0

[Event "26th EUR-ch"]
[Site "Katowice POL"]
[Date "2026.04.07"]
[Round "1.221"]
[White "Gospodarczyk, Wlodzimierz"]
[Black "Bracker, Frank"]
[Result "0-1"]
[WhiteElo "1727"]
[BlackElo "2332"]
[EventDate "2026.04.07"]
[PlyCount "82"]

1.Nf3 Nf6 2.c4 e6 3.g3 b6 4.Bg2 Bb7 5.O-O Be7 6.b3 O-O 7.Bb2 d5 8.d3 c5 9.
cxd5 exd5 10.d4 Re8 11.e3 Nbd7 12.Nbd2 a5 13.Ne5 Ra7 14.Qc2 Nf8 15.Rfd1 a4
16.dxc5 bxc5 17.Nd3 Ne6 18.Nf4 Nxf4 19.gxf4 a3 20.Be5 Qa8 21.Rac1 Ra6 22.
Bf1 Rb6 23.Ba1 Qc8 24.Bg2 Qg4 25.f3 Qh4 26.Nf1 Re6 27.Qf2 Qh6 28.f5 Ra6 
29.Qg3 Bd6 30.Qh3 Qxh3 31.Bxh3 Raa8 32.Bg2 Nd7 33.e4 d4 34.Nd2 Bf4 35.Nc4 
Bxc1 36.Rxc1 Red8 37.Bf1 f6 38.Nd6 Ba6 39.Bxa6 Rxa6 40.Nc4 Ne5 41.Kf2 Nd3+
0-1

[Event "26th EUR-ch"]
[Site "Katowice POL"]
[Date "2026.04.07"]
[Round "1.222"]
[White "Krasteva, Beloslava"]
[Black "Gawronski, Michal"]
[Result "1-0"]
[WhiteElo "2332"]
[BlackElo "1717"]
[EventDate "2026.04.07"]
[PlyCount "137"]

1.d4 d5 2.c4 c6 3.Nc3 Nf6 4.e3 Bf5 5.cxd5 Nxd5 6.f3 Nc7 7.e4 Bg6 8.Be3 e6 
9.Nh3 Bd6 10.Be2 Qh4+ 11.Bf2 Qe7 12.O-O a6 13.Na4 Nd7 14.Rc1 Nb5 15.Nc5 
Nxc5 16.dxc5 Be5 17.a4 Rd8 18.Qe1 Nd4 19.Bd1 Bb8 20.f4 f6 21.e5 O-O 22.
exf6 gxf6 23.Qc3 Nf5 24.Bb3 Ng7 25.Bc4 Kh8 26.Rce1 Bf5 27.Kh1 e5 28.fxe5 
Bxe5 29.Qb3 Qc7 30.Bg1 Rd2 31.Rf2 Rfd8 32.Ref1 Bg6 33.Nf4 Be4 34.Rxd2 Rxd2
35.Qe3 Rd4 36.Qe2 Bf3 37.Rxf3 Rxf4 38.Rh3 h5 39.g3 Rf5 40.Bd3 Rg5 41.Qe4 
Nf5 42.g4 Nh6 43.Rxh5 Rxh5 44.gxh5 Qf7 45.b4 Ng8 46.Qf3 Ne7 47.h6 f5 48.
Bf2 Qd5 49.Qxd5 Nxd5 50.Bxf5 Nxb4 51.Bc8 Nd3 52.Be3 Nb2 53.Bxb7 Nxa4 54.
Bxc6 Nb2 55.Bd5 Nd3 56.c6 Nb4 57.Be4 Nxc6 58.Bxc6 a5 59.Ba4 Kh7 60.Bc2+ 
Kh8 61.Kg2 Bf6 62.Kf3 Be5 63.h3 Kg8 64.Kg4 Bc3 65.Kf5 Kh8 66.Kg6 Bb2 67.
Bc5 Kg8 68.Bb3+ Kh8 69.Bf8 1-0

[Event "26th EUR-ch"]
[Site "Katowice POL"]
[Date "2026.04.07"]
[Round "1.223"]
[White "Szczypka, Sebastian"]
[Black "Lewtak, Damian"]
[Result "0-1"]
[WhiteElo "1717"]
[BlackElo "2331"]
[EventDate "2026.04.07"]
[PlyCount "152"]

1.e4 g6 2.d4 Bg7 3.Nf3 d6 4.Be3 Nd7 5.c3 e5 6.Bc4 Ngf6 7.Qc2 O-O 8.O-O h6 
9.h3 Qe7 10.Nbd2 Nh5 11.Rac1 Re8 12.Rfe1 Qf6 13.d5 g5 14.Nh2 Nf8 15.b4 Qg6
16.a4 Nf4 17.a5 h5 18.Bf1 Nh7 19.c4 g4 20.hxg4 Bxg4 21.Nxg4 Qxg4 22.Qd1 
Qg6 23.Kh2 Nf6 24.g3 Ng4+ 25.Kh1 h4 26.Qf3 hxg3 27.Qxg3 Bh6 28.c5 Qh5+ 29.
Kg1 Kh7 30.Bxf4 Bxf4 31.Qh3 Qxh3 32.Bxh3 Bxd2 33.Bxg4 Rg8 34.f3 dxc5 35.
bxc5 Bxe1 36.Rxe1 Rab8 37.Kf2 Kg6 38.Rh1 Rh8 39.Bf5+ Kf6 40.Rb1 Rh2+ 41.
Kg3 Rc2 42.c6 Rg8+ 43.Bg4 bxc6 44.dxc6 Rxc6 45.Rb7 a6 46.Ra7 Ke7 47.Kf2 
Rb8 48.Bf5 Rb5 49.Bc8 Rxa5 50.Bb7 Ra2+ 51.Kg3 Rg6+ 52.Kh3 Rf2 53.Bxa6 
Rxf3+ 54.Kh2 Ra3 55.Rxc7+ Kd6 56.Ra7 Kc5 57.Rc7+ Kb6 58.Rxf7 Rxa6 59.Re7 
Ra8 60.Rh7 Rag8 61.Rh5 Rg2+ 62.Kh1 Rg1+ 63.Kh2 R8g2+ 64.Kh3 Rh1+ 65.Kxg2 
Rxh5 66.Kf3 Rg5 67.Ke3 Kc5 68.Kf3 Kd4 69.Kf2 Kxe4 70.Ke2 Rg2+ 71.Kf1 Rh2 
72.Kg1 Ra2 73.Kf1 Ke3 74.Kg1 Kf3 75.Kh1 Kg3 76.Kg1 Ra1# 0-1

[Event "26th EUR-ch"]
[Site "Katowice POL"]
[Date "2026.04.07"]
[Round "1.224"]
[White "Zakin, Ilay"]
[Black "Pilch, Anna"]
[Result "1-0"]
[WhiteElo "2330"]
[BlackElo "1699"]
[EventDate "2026.04.07"]
[PlyCount "83"]

1.e4 c5 2.Nf3 d6 3.d4 cxd4 4.Nxd4 Nf6 5.Nc3 g6 6.Be3 Bg7 7.f3 a6 8.Qd2 b5 
9.a4 bxa4 10.Rxa4 O-O 11.h4 h5 12.Bc4 Qc7 13.Ba2 Nbd7 14.Bh6 Nb6 15.Rb4 
Qc5 16.Bxg7 Kxg7 17.Nce2 Bd7 18.Nb3 Qc7 19.Qc3 Qxc3+ 20.Nxc3 Rfb8 21.Na5 
Nc8 22.Rxb8 Rxb8 23.Kd2 Nb6 24.Bb3 Rc8 25.Ra1 Rc5 26.Nd1 Bb5 27.Ne3 Kf8 
28.Ba2 Ke8 29.b4 Rc8 30.Bb3 e6 31.c4 Bd7 32.Nb7 Ke7 33.Rxa6 Na8 34.Nxd6 
Rb8 35.e5 Nh7 36.Kc3 Nc7 37.Ra7 Ne8 38.c5 Nxd6 39.exd6+ Kd8 40.Nc4 f5 41.
Ne5 Rc8 42.Rxd7+ 1-0

[Event "26th EUR-ch"]
[Site "Katowice POL"]
[Date "2026.04.07"]
[Round "1.225"]
[White "Truchel, Tomasz"]
[Black "Krawczyk, Flawian"]
[Result "0-1"]
[WhiteElo "1698"]
[BlackElo "2329"]
[EventDate "2026.04.07"]
[PlyCount "79"]

1.e4 c5 2.Bc4 e6 3.Nc3 a6 4.a4 Nf6 5.d3 d5 6.exd5 exd5 7.Ba2 Be7 8.h3 O-O 
9.Nf3 Nc6 10.O-O h6 11.Ne2 b5 12.c3 Bf5 13.Bb1 b4 14.d4 Bxb1 15.Rxb1 c4 
16.cxb4 Nxb4 17.b3 Rc8 18.bxc4 dxc4 19.Nc3 Nfd5 20.Bd2 a5 21.Ne5 Bd6 22.
Qf3 Nxc3 23.Bxc3 f6 24.Bxb4 Bxb4 25.Nc6 Qd6 26.d5 Rc7 27.Rfc1 c3 28.Qe4 f5
29.Qc4 f4 30.f3 Rf5 31.Qe4 Bc5+ 32.Kh2 Qxd5 33.Nxa5 Be3 34.Rb8+ Kh7 35.Rc2
Qxe4 36.fxe4 Rxa5 37.Rb3 Bd2 38.Rb4 Rca7 39.Rc4 Rxa4 40.Rc8 0-1

[Event "26th EUR-ch"]
[Site "Katowice POL"]
[Date "2026.04.07"]
[Round "1.226"]
[White "Brzezina, Piotr"]
[Black "Kozera, Patryk"]
[Result "1-0"]
[WhiteElo "2327"]
[BlackElo "1694"]
[EventDate "2026.04.07"]
[PlyCount "87"]

1.e4 c5 2.Nf3 Nc6 3.d4 cxd4 4.Nxd4 Nf6 5.Nc3 d6 6.Bc4 e5 7.Nf3 Be7 8.O-O 
O-O 9.Bg5 Be6 10.Bb3 Qd7 11.Bxf6 Bxf6 12.Nd5 Bd8 13.Qd3 g6 14.Rad1 Kg7 15.
Ne3 Be7 16.c3 Rad8 17.Bd5 f5 18.Bxe6 Qxe6 19.Nd5 Rd7 20.Rfe1 f4 21.Nd2 Bd8
22.b4 Ne7 23.f3 g5 24.Kh1 Kh8 25.c4 Bb6 26.Nb3 Rc8 27.Qc3 Nxd5 28.exd5 Qe7
29.c5 Qg7 30.a4 Bd8 31.Qd3 Be7 32.Qb5 Rdc7 33.Na5 g4 34.Nxb7 Rg8 35.Re2 
gxf3 36.gxf3 dxc5 37.d6 a6 38.Qxa6 e4 39.dxc7 exf3 40.Rf2 Bf6 41.Qe6 Bd4 
42.Qxg8+ Qxg8 43.Rxd4 cxd4 44.Nd6 1-0

[Event "26th EUR-ch"]
[Site "Katowice POL"]
[Date "2026.04.07"]
[Round "1.227"]
[White "Ciupek, Oskar"]
[Black "Hercegovac, Neven"]
[Result "0-1"]
[WhiteElo "1682"]
[BlackElo "2325"]
[EventDate "2026.04.07"]
[PlyCount "94"]

1.e4 g6 2.d4 Bg7 3.Nf3 d6 4.Nc3 a6 5.Be3 b5 6.a3 Bb7 7.Qd2 Nd7 8.h4 h5 9.
Be2 Rc8 10.Rg1 c5 11.g3 cxd4 12.Nxd4 Ngf6 13.f3 Ne5 14.O-O-O Qc7 15.Rge1 
Nc4 16.Bxc4 Qxc4 17.Bg5 Kf8 18.f4 Nh7 19.e5 Nxg5 20.hxg5 dxe5 21.fxe5 e6 
22.Qf4 Kg8 23.Rf1 Kh7 24.g4 h4 25.Qh2 Rhf8 26.Qxh4+ Kg8 27.Qg3 Rc7 28.Qf4 
Rd7 29.Qe3 Rfd8 30.Qf2 Bxe5 31.Nb3 Qxg4 32.Rxd7 Rxd7 33.Nc5 Qxg5+ 34.Kb1 
Bd4 35.Qh2 Qxc5 36.Qb8+ Qc8 37.Qf4 Bxc3 38.bxc3 Qxc3 39.Qb8+ Kg7 40.Qf4 
Qd4 41.Qh2 Be4 42.Ka2 Qc4+ 43.Kb2 Qxf1 44.a4 Qf6+ 45.c3 b4 46.a5 Qxc3+ 47.
Ka2 Qa3# 0-1

[Event "26th EUR-ch"]
[Site "Katowice POL"]
[Date "2026.04.07"]
[Round "1.228"]
[White "Trushko, Andrii"]
[Black "Bialowas, Maria"]
[Result "1-0"]
[WhiteElo "2325"]
[BlackElo "1671"]
[EventDate "2026.04.07"]
[PlyCount "67"]

1.d4 Nf6 2.Bg5 Ne4 3.Bf4 c5 4.f3 Nf6 5.d5 d6 6.e4 Qb6 7.Bc1 g6 8.c4 Bg7 9.
Nc3 O-O 10.Bd3 Nbd7 11.f4 e6 12.Nge2 a6 13.O-O Qc7 14.a4 Rb8 15.h3 Re8 16.
g4 exd5 17.exd5 Nf8 18.Ng3 N6d7 19.Qc2 Bd4+ 20.Kg2 Qd8 21.Bd2 Qh4 22.Nce4 
Rxe4 23.Nxe4 Nf6 24.Be1 Qh6 25.Nxf6+ Bxf6 26.Bg3 Qg7 27.Rae1 h5 28.f5 gxf5
29.Bxd6 Ra8 30.Re8 hxg4 31.Rxf8+ Kh7 32.Bxf5+ Bxf5 33.Qxf5+ Kh6 34.hxg4 
1-0

[Event "26th EUR-ch"]
[Site "Katowice POL"]
[Date "2026.04.07"]
[Round "1.229"]
[White "Wolynski, Antoni"]
[Black "Zawadzka, Jolanta"]
[Result "0-1"]
[WhiteElo "1669"]
[BlackElo "2324"]
[EventDate "2026.04.07"]
[PlyCount "140"]

1.e4 c5 2.Nf3 e6 3.d4 cxd4 4.Nxd4 a6 5.Nc3 b5 6.Be3 Bb7 7.f3 Qc7 8.Qd2 Bb4
9.a3 Be7 10.Be2 Nf6 11.O-O O-O 12.Bd3 Nc6 13.Rae1 Ne5 14.Kh1 Rac8 15.f4 
Nc4 16.Bxc4 Qxc4 17.e5 Ng4 18.Bg1 f5 19.h3 Nh6 20.Nb3 Qc7 21.Re3 Nf7 22.
Rd1 Rfd8 23.Qf2 Kh8 24.Red3 d5 25.Qb6 Qxb6 26.Bxb6 Re8 27.Na5 Ba8 28.Nb3 
g5 29.Nd4 Bf8 30.g3 Bh6 31.Nce2 Bc6 32.Rc3 Bd7 33.Rxc8 Rxc8 34.c3 Kg7 35.
Kg2 Nh8 36.Kf3 Ng6 37.Nb3 Rg8 38.Nc5 Bc8 39.Nd3 gxf4 40.Nexf4 Kf7 41.Nxg6 
hxg6 42.h4 g5 43.Be3 d4 44.cxd4 Bb7+ 45.Kf2 f4 46.gxf4 gxh4 47.Rg1 Rh8 48.
Rg4 Bf8 49.Kg1 Bf3 50.Rg5 Be7 51.Nc5 Bxg5 52.fxg5 a5 53.g6+ Kxg6 54.Nxe6 
Kf5 55.Nc5 Rg8+ 56.Kh2 Bd5 57.Bc1 Rg4 58.Na6 Rxd4 59.b4 Rc4 60.Be3 Kg4 61.
bxa5 Rc2+ 62.Kg1 h3 63.Bf2 Rc1+ 64.Be1 Rxe1+ 65.Kf2 Rxe5 66.Nb4 h2 67.Nxd5
Rxd5 68.a4 h1=Q 69.a6 Qf3+ 70.Ke1 Rd1# 0-1

[Event "26th EUR-ch"]
[Site "Katowice POL"]
[Date "2026.04.07"]
[Round "1.230"]
[White "Grebeniuk, Semen"]
[Black "Janik, Albert"]
[Result "1-0"]
[WhiteElo "2324"]
[BlackElo "1668"]
[EventDate "2026.04.07"]
[PlyCount "55"]

1.e4 c5 2.Nc3 Nc6 3.g3 g6 4.Bg2 Bg7 5.d3 d6 6.Be3 Nf6 7.h3 O-O 8.f4 Nd4 9.
Nf3 Nd7 10.O-O f5 11.Qd2 Nb6 12.Nh2 fxe4 13.Nxe4 Nf5 14.c3 Nxe3 15.Qxe3 
Qc7 16.Ng5 Bd7 17.Ne6 Bxe6 18.Qxe6+ Kh8 19.Rae1 Rae8 20.Ng4 h5 21.Qxg6 
hxg4 22.Be4 Kg8 23.Qh7+ Kf7 24.Qh5+ Ke6 25.Qxg4+ Kf7 26.Qh5+ Ke6 27.Bf5+ 
Kd5 28.Qf3# 1-0

[Event "26th EUR-ch"]
[Site "Katowice POL"]
[Date "2026.04.07"]
[Round "1.231"]
[White "Krawczyk, Marcin"]
[Black "Baerwinkel, Tobias"]
[Result "0-1"]
[WhiteElo "1663"]
[BlackElo "2323"]
[EventDate "2026.04.07"]
[PlyCount "38"]

1.e4 c5 2.Nf3 d6 3.d4 cxd4 4.Nxd4 Nf6 5.Nc3 Nc6 6.Nb3 g6 7.f3 Bg7 8.Be3 
O-O 9.Qd2 a5 10.a3 a4 11.Nd4 d5 12.exd5 Nxd5 13.Nxd5 Qxd5 14.O-O-O Qa2 15.
Qc3 Be6 16.Bb5 Rfc8 17.Qd3 Nxd4 18.Bxd4 Bf5 19.Bxg7 Bxd3 0-1

[Event "26th EUR-ch"]
[Site "Katowice POL"]
[Date "2026.04.07"]
[Round "1.232"]
[White "Dyachuk, Artem"]
[Black "Domoradzki, Tomasz"]
[Result "1-0"]
[WhiteElo "2323"]
[BlackElo "1662"]
[EventDate "2026.04.07"]
[PlyCount "53"]

1.e4 e5 2.Nf3 Nc6 3.Bb5 a6 4.Ba4 f5 5.d4 exd4 6.e5 b5 7.Bb3 Na5 8.Nxd4 Bb7
9.Nxf5 Nxb3 10.axb3 g6 11.O-O Ne7 12.Bg5 Qc8 13.Bf6 Rg8 14.Ne3 Bc6 15.c4 
Qb7 16.Nc3 b4 17.Ncd5 Nxd5 18.cxd5 Bb5 19.Re1 Bg7 20.Ng4 h5 21.Bxg7 Rxg7 
22.Nf6+ Kf8 23.Qd4 c5 24.Qxc5+ Kf7 25.e6+ dxe6 26.dxe6+ Kxf6 27.Qe5+ 1-0

[Event "26th EUR-ch"]
[Site "Katowice POL"]
[Date "2026.04.07"]
[Round "1.233"]
[White "Tendera, Jan"]
[Black "Fiedorek, Michal"]
[Result "0-1"]
[WhiteElo "1630"]
[BlackElo "2323"]
[EventDate "2026.04.07"]
[PlyCount "56"]

1.d4 Nf6 2.c4 g6 3.Nf3 Bg7 4.Nc3 d6 5.e4 O-O 6.Be2 Nbd7 7.O-O e5 8.Qc2 Qe7
9.Be3 Re8 10.dxe5 dxe5 11.h3 c6 12.Rfd1 Nf8 13.a3 Nh5 14.Bg5 Bf6 15.Be3 
Nf4 16.c5 N8e6 17.b4 h6 18.Na4 Ng5 19.Nxg5 hxg5 20.Bg4 Kg7 21.Nb2 Rh8 22.
Nc4 Bxg4 23.hxg4 Rh7 24.g3 Rah8 25.gxf4 exf4 26.e5 f3 27.exf6+ Qxf6 28.Bd4
Rh1# 0-1

[Event "26th EUR-ch"]
[Site "Katowice POL"]
[Date "2026.04.07"]
[Round "1.234"]
[White "Qalichava, Akaki"]
[Black "Babczynski, Zbigniew"]
[Result "1-0"]
[WhiteElo "2322"]
[BlackElo "1622"]
[EventDate "2026.04.07"]
[PlyCount "169"]

1.e4 c5 2.Nf3 d6 3.d4 cxd4 4.Qxd4 Nd7 5.Nc3 Ngf6 6.Bg5 e5 7.Qd2 Be7 8.Bb5 
O-O 9.Bxd7 Qxd7 10.Bxf6 Bxf6 11.O-O-O Rd8 12.Nd5 Qa4 13.Nc3 Qc4 14.b3 Qc6 
15.Nd5 Be6 16.Kb1 Rac8 17.c4 b5 18.Rc1 Qb7 19.Qb4 Rc5 20.Rhd1 Rdc8 21.
Nxf6+ gxf6 22.cxb5 Rxb5 23.Rxc8+ Bxc8 24.Qxd6 Rxb3+ 25.axb3 Qxb3+ 26.Ka1 
Qc3+ 27.Ka2 Be6+ 28.Rd5 Qc2+ 29.Ka3 Qxe4 30.Rd2 Qb1 31.Qd3 Qc1+ 32.Kb4 Qc6
33.Rc2 Qb7+ 34.Ka3 Qb6 35.Qc3 Qa6+ 36.Kb2 Qa2+ 37.Kc1 Qa4 38.Nd2 Bf5 39.
Rb2 Qa1+ 40.Nb1 Qa6 41.Rb8+ Kg7 42.Nd2 Qe2 43.Qe3 Qa6 44.Kb2 Qc6 45.Qc3 
Qd5 46.Nb3 Qe4 47.Qc5 Qe2+ 48.Ka3 Qa6+ 49.Kb4 Be6 50.Qf8+ Kg6 51.Qc5 Kg7 
52.Na5 Qd3 53.Nc6 Qb3+ 54.Ka5 Qa2+ 55.Kb5 Qe2+ 56.Kb4 Qb2+ 57.Ka4 Qa2+ 58.
Qa3 Qc4+ 59.Ka5 Qd5+ 60.Ka6 Qxc6+ 61.Kxa7 Qc7+ 62.Rb7 Qc4 63.Kb6 Qd4+ 64.
Qc5 Qd8+ 65.Ka7 Qd5 66.Qxd5 Bxd5 67.Rb4 f5 68.Rb5 Bxg2 69.Rxe5 Kf6 70.Re8 
f4 71.Kb6 h5 72.Kc5 Bh3 73.Kd4 Bf5 74.h4 f3 75.Ke3 Bg4 76.Kf4 Kg7 77.Re1 
Kf6 78.Rg1 Be6 79.Rg5 Bb3 80.Rxh5 Bc2 81.Rc5 Bd1 82.Rc6+ Kg7 83.Kg5 Bb3 
84.Rc5 Be6 85.Kf4 1-0

[Event "26th EUR-ch"]
[Site "Katowice POL"]
[Date "2026.04.07"]
[Round "1.235"]
[White "Zyznowski, Adam"]
[Black "Warchol, Kamil"]
[Result "0-1"]
[WhiteElo "1599"]
[BlackElo "2322"]
[EventDate "2026.04.07"]
[PlyCount "84"]

1.d4 Nf6 2.c4 e6 3.Nf3 d5 4.g3 dxc4 5.Bg2 a6 6.a4 Nc6 7.O-O Bb4 8.Bd2 a5 
9.Bc3 O-O 10.Nbd2 Nd5 11.Rc1 Bxc3 12.bxc3 Nb6 13.e4 Bd7 14.Ra1 Qe8 15.e5 
Ne7 16.Ng5 Bxa4 17.Qh5 h6 18.Nde4 Nbd5 19.f4 Bc2 20.Rf2 Bxe4 21.Nxe4 f5 
22.Qxe8 Rfxe8 23.Nd2 b5 24.Nb1 Ra6 25.Rb2 c6 26.Rba2 Rea8 27.Bf1 Nc8 28.
Kf2 Ncb6 29.h4 Kf7 30.Ke2 c5 31.dxc5 Na4 32.Kd2 Nxc5 33.Rb2 Nb3+ 34.Rxb3 
cxb3 35.Bxb5 Rb6 36.Ba4 Rd8 37.Ke2 Rc8 38.Kd3 Rd8 39.Kc4 Ne3+ 40.Kc5 Rbb8 
41.Na3 b2 42.Rb1 Rd5+ 0-1

[Event "26th EUR-ch"]
[Site "Katowice POL"]
[Date "2026.04.07"]
[Round "1.236"]
[White "Yilmaz, Baver"]
[Black "Galuszka, Leon"]
[Result "1-0"]
[WhiteElo "2321"]
[BlackElo "1595"]
[EventDate "2026.04.07"]
[PlyCount "63"]

1.e4 c6 2.d4 d5 3.Nc3 dxe4 4.Nxe4 Bf5 5.Ng3 Bg6 6.h4 h6 7.Nf3 Nd7 8.h5 Bh7
9.Bd3 Bxd3 10.Qxd3 e6 11.Bd2 Ngf6 12.O-O-O Be7 13.Qe2 O-O 14.Kb1 Rc8 15.c4
Re8 16.Nf1 Kh8 17.Rg1 Nh7 18.g4 Ng5 19.Nxg5 hxg5 20.Ng3 Nf8 21.Ne4 Nh7 22.
f4 gxf4 23.Bxf4 Ng5 24.Be5 Nxe4 25.Qxe4 Bg5 26.h6 f6 27.Rh1 gxh6 28.Bf4 
Kg7 29.Bxg5 fxg5 30.Rxh6 Kxh6 31.Rh1+ Kg7 32.Qh7+ 1-0

[Event "26th EUR-ch"]
[Site "Katowice POL"]
[Date "2026.04.07"]
[Round "1.237"]
[White "Jaworski, Pawel"]
[Black "Kucza, Karol"]
[Result "0-1"]
[WhiteElo "1566"]
[BlackElo "2319"]
[EventDate "2026.04.07"]
[PlyCount "72"]

1.Nf3 d5 2.e3 Nf6 3.c4 e6 4.a3 b6 5.b3 Bd6 6.Bb2 O-O 7.Be2 Bb7 8.d3 c5 9.
Nbd2 Nc6 10.cxd5 exd5 11.d4 Re8 12.O-O Qe7 13.dxc5 bxc5 14.Re1 Rad8 15.Qc2
Ne4 16.Rad1 c4 17.Nxe4 dxe4 18.Qc3 Qf8 19.Nd4 Nxd4 20.Rxd4 Be5 21.Bxc4 
Bxd4 22.exd4 Bd5 23.Re3 Qd6 24.Bxd5 Qxd5 25.f3 exf3 26.Rxf3 Re2 27.Rf2 
Rxf2 28.Kxf2 h6 29.h3 Rd6 30.g4 Rb6 31.b4 Rc6 32.Qd3 Qh1 33.Kg3 Qg1+ 34.
Kh4 Qf2+ 35.Kh5 g6+ 36.Kxh6 Qh4# 0-1

[Event "26th EUR-ch"]
[Site "Katowice POL"]
[Date "2026.04.07"]
[Round "1.238"]
[White "Gibala, Adam"]
[Black "Sowa, Maciej"]
[Result "1-0"]
[WhiteElo "2317"]
[BlackElo "1544"]
[EventDate "2026.04.07"]
[PlyCount "69"]

1.e4 c5 2.Nf3 Nc6 3.Nc3 e6 4.d4 cxd4 5.Nxd4 Qc7 6.Qd3 a6 7.Nxc6 dxc6 8.Be2
Nf6 9.f4 Bd7 10.e5 Nd5 11.Ne4 Be7 12.a3 c5 13.c4 Nb6 14.b3 Bc6 15.Bb2 Rd8 
16.Qe3 O-O 17.Bd3 Nd7 18.O-O b6 19.Rad1 Rfe8 20.Nd6 Rf8 21.Bc2 Nb8 22.Qg3 
f5 23.exf6 Bxf6 24.Qh3 Rxd6 25.Qxh7+ Kf7 26.Bxf6 Kxf6 27.Qg6+ Ke7 28.Qxg7+
Rf7 29.Qg5+ Rf6 30.f5 Rxd1 31.Qg7+ Rf7 32.f6+ Kd8 33.Qg8+ Be8 34.Rxd1+ Nd7
35.Bg6 1-0

[Event "26th EUR-ch"]
[Site "Katowice POL"]
[Date "2026.04.07"]
[Round "1.239"]
[White "Lewinski, Leon"]
[Black "David, Alexandru-Vasile"]
[Result "0-1"]
[WhiteElo "1541"]
[BlackElo "2314"]
[EventDate "2026.04.07"]
[PlyCount "86"]

1.e4 c5 2.Nc3 Nc6 3.d3 g6 4.g3 Bg7 5.Bg2 e6 6.Be3 d6 7.Nge2 Nd4 8.Qd2 Ne7 
9.O-O h5 10.h4 Rb8 11.Nd1 b5 12.c3 Nxe2+ 13.Qxe2 b4 14.d4 bxc3 15.bxc3 Qa5
16.Qc2 Ba6 17.Re1 cxd4 18.Bd2 d3 19.Qc1 O-O 20.Bh6 Rfc8 21.Bxg7 Kxg7 22.f4
Qc5+ 23.Kh2 d5 24.f5 dxe4 25.fxe6 f5 26.Qg5 Nd5 27.g4 Qe7 28.Qxe7+ Nxe7 
29.gxh5 gxh5 30.Bxe4 fxe4 31.Rxe4 Rc4 32.Nf2 Rb2 33.Kg1 Rxe4 34.Nxe4 Re2 
35.Ng3 d2 36.Nxh5+ Kh6 37.Nf6 Re1+ 38.Rxe1 dxe1=Q+ 39.Kh2 Qf2+ 40.Kh3 Qxf6
41.h5 Qf3+ 42.Kh2 Bb7 43.c4 Qg2# 0-1

[Event "26th EUR-ch"]
[Site "Katowice POL"]
[Date "2026.04.07"]
[Round "1.240"]
[White "Hnydiuk, Aleksander"]
[Black "Zychon, Rozalia"]
[Result "1-0"]
[WhiteElo "2314"]
[BlackElo "1473"]
[EventDate "2026.04.07"]
[PlyCount "47"]

1.Nf3 c5 2.c4 Nc6 3.d4 cxd4 4.Nxd4 Nf6 5.Nc3 a6 6.g3 e6 7.Bg2 Be7 8.O-O 
O-O 9.Bf4 Nh5 10.Be3 Qc7 11.Rc1 Nxd4 12.Qxd4 Nf6 13.c5 d5 14.cxd6 Qxd6 15.
Qxd6 Bxd6 16.Rfd1 Be7 17.Na4 Rb8 18.Bf4 Bd7 19.Bxb8 Bxa4 20.Rd4 Rxb8 21.
Rxa4 Ne8 22.Rac4 Nd6 23.Rc7 Bf6 24.Rd7 1-0

[Event "26th EUR-ch"]
[Site "Katowice POL"]
[Date "2026.04.07"]
[Round "1.241"]
[White "Sopel, Jonatan Jan"]
[Black "Lyakh, Vasiliy"]
[Result "0-1"]
[WhiteElo "1433"]
[BlackElo "2314"]
[EventDate "2026.04.07"]
[PlyCount "74"]

1.e4 c5 2.d3 Nc6 3.Be3 e6 4.Nd2 d5 5.exd5 exd5 6.Nb3 d4 7.Bf4 Bd6 8.Bg3 
Nf6 9.Nf3 O-O 10.Be2 Re8 11.O-O Bxg3 12.hxg3 Qd5 13.Nfd2 Ne5 14.Re1 Bg4 
15.Bxg4 Nexg4 16.Qf3 Qh5 17.Nf1 b6 18.Nbd2 Nd5 19.a3 h6 20.Nc4 Rad8 21.Re4
Ndf6 22.Re2 Rxe2 23.Qxe2 b5 24.Ncd2 Re8 25.Qf3 Qe5 26.Ne4 Nxe4 27.Qxg4 Nf6
28.Qf3 a5 29.Rc1 a4 30.Ra1 Qg5 31.Qc6 Re2 32.Qxb5 Ng4 33.Qb8+ Kh7 34.f3 
Ne3 35.Nxe3 Qxe3+ 36.Kh2 Qxf3 37.Rg1 Qh5# 0-1

[Event "26th EUR-ch"]
[Site "Katowice POL"]
[Date "2026.04.07"]
[Round "1.249"]
[White "Macias Pino, Diego"]
[Black "Nowak, Lukasz"]
[Result "1-0"]
[WhiteElo "2495"]
[BlackElo "2166"]
[EventDate "2026.04.07"]
[PlyCount "49"]

1.e4 c5 2.Nf3 d6 3.d4 cxd4 4.Nxd4 Nf6 5.Nc3 a6 6.Be3 e5 7.Nb3 Be6 8.h3 
Nbd7 9.g4 h6 10.Qd2 Rc8 11.O-O-O Be7 12.f4 exf4 13.Bxf4 Ne5 14.Kb1 b5 15.
Qg2 Qc7 16.Nd4 O-O 17.Nf5 b4 18.Nd5 Nxd5 19.exd5 Bxf5 20.gxf5 Kh8 21.Bxa6 
Ra8 22.Bxe5 dxe5 23.d6 Bxd6 24.f6 Rg8 25.fxg7+ 1-0